[Event "Southend Easter op 64th"]
[Site "Southend-on-Sea"]
[Date "2022.04.17"]
[Round "6.25"]
[White "Wilson, Edgar"]
[Black "Edipoglu, Berk"]
[Result "1-0"]
[WhiteElo "1856"]
[BlackElo "1502"]
[PlyCount "117"]
[EventDate "2022.04.15"]
[EventType "swiss"]
[EventRounds "7"]
[EventCountry "ENG"]

1. e4 Nc6 2. Nf3 e5 3. Bc4 Bc5 4. O-O d6 5. h3 Na5 6. b3 Nxc4 7. bxc4 f5 8.
exf5 Nf6 9. d4 e4 10. dxc5 exf3 11. Re1+ Kf7 12. Qxf3 Re8 13. Rxe8 Qxe8 14. Bd2
Qe5 15. Nc3 dxc5 16. Rb1 Rb8 17. g4 b6 18. Qf4 Qxf4 19. Bxf4 Ba6 20. Nb5 Bxb5
21. cxb5 Nd5 22. Bd2 Rd8 23. Re1 Nb4 24. Bxb4 cxb4 25. Re4 Rd1+ 26. Kg2 Ra1 27.
Rxb4 Rxa2 28. Rc4 Ra5 29. Rxc7+ Kf6 30. c4 g6 31. fxg6 Kxg6 32. Kg3 Ra4 33. h4
Ra3+ 34. f3 h6 35. Kf4 Rc3 36. Ke4 Kf6 37. f4 Ke6 38. f5+ Kd6 39. Rc6+ Ke7 40.
Kf4 Rc1 41. Re6+ Kf7 42. Re4 Rf1+ 43. Ke5 Ke7 44. g5 hxg5 45. hxg5 Rf2 46. f6+
Kf7 47. Rf4 Re2+ 48. Kf5 Rg2 49. Rg4 Rf2+ 50. Ke5 Kg6 51. Kd6 Ra2 52. Kc6 Ra4
53. Rf4 Kf7 54. g6+ Kf8 55. Rh4 Kg8 56. Rd4 Rxc4+ 57. Rxc4 Kf8 58. Kd6 a5 59.
Rc8# 1-0

[Event "Southend Easter op 64th"]
[Site "Southend-on-Sea"]
[Date "2022.04.17"]
[Round "6.26"]
[White "Volovich, Julia"]
[Black "Ghose, Rahul"]
[Result "1/2-1/2"]
[WhiteElo "1802"]
[BlackElo "1840"]
[PlyCount "93"]
[EventDate "2022.04.15"]
[EventType "swiss"]
[EventRounds "7"]
[EventCountry "ENG"]

1. d4 Nf6 2. c4 e6 3. Nc3 d5 4. cxd5 exd5 5. Bg5 Nbd7 6. e3 Be7 7. Bd3 O-O 8.
Qc2 Re8 9. Nf3 h6 10. Bf4 c6 11. O-O Nf8 12. h3 a6 13. Ne5 c5 14. dxc5 Bxc5 15.
Nf3 Ne6 16. Ne2 Nxf4 17. Nxf4 Qb6 18. Ne2 Bd7 19. Rac1 Rac8 20. Qb1 Ne4 21.
Ned4 Qg6 22. Kh1 Qh5 23. Be2 Bxd4 24. Nxd4 Qh4 25. Nf3 Qf6 26. Kg1 Ng5 27. b4
Bxh3 28. Nxg5 Qxg5 29. Bf3 Bg4 30. Bxg4 Qxg4 31. Rcd1 Qc4 32. Rd4 Qb5 33. Rfd1
Re5 34. Qd3 Qxd3 35. R4xd3 Rc2 36. Rxd5 Rxd5 37. Rxd5 Rxa2 38. Rd8+ Kh7 39. Rd7
b5 40. Rxf7 Ra4 41. Ra7 Rxb4 42. Rxa6 Rb1+ 43. Kh2 b4 44. Rb6 b3 45. Kg3 b2 46.
e4 Kg8 47. Rb7 1/2-1/2

[Event "Southend Easter op 64th"]
[Site "Southend-on-Sea"]
[Date "2022.04.17"]
[Round "6.27"]
[White "Pert, Max"]
[Black "Lim, Mark"]
[Result "1-0"]
[WhiteElo "1556"]
[BlackElo "1796"]
[PlyCount "45"]
[EventDate "2022.04.15"]
[EventType "swiss"]
[EventRounds "7"]
[EventCountry "ENG"]

1. d4 e6 2. e4 d5 3. Nd2 c5 4. Ngf3 cxd4 5. Nxd4 Nf6 6. exd5 Nxd5 7. Bb5+ Bd7
8. Bxd7+ Qxd7 9. O-O Bc5 10. Ne4 Bb6 11. Nf3 O-O 12. b3 Rd8 13. Bb2 Nc6 14. Qc1
Bc7 15. Qg5 f5 16. Nc5 Qf7 17. Nxe6 Rd7 18. Nxg7 Bf4 19. Qxf5 Rf8 20. Qg4 Qg6
21. Qxd7 Bxh2+ 22. Nxh2 Nf4 23. Qg4 1-0

[Event "Southend Easter op 64th"]
[Site "Southend-on-Sea"]
[Date "2022.04.17"]
[Round "6.28"]
[White "Rebonato Scott, Sebastiano"]
[Black "Oh, Julie"]
[Result "1-0"]
[WhiteElo "1518"]
[BlackElo "1399"]
[PlyCount "57"]
[EventDate "2022.04.15"]
[EventType "swiss"]
[EventRounds "7"]
[EventCountry "ENG"]

1. e4 c5 2. Nf3 e6 3. g3 Nc6 4. Bg2 Qc7 5. Nc3 a6 6. O-O Nf6 7. Re1 d6 8. d4
cxd4 9. Nxd4 Nxd4 10. Qxd4 e5 11. Qd3 Be6 12. a4 Qd7 13. b4 h5 14. h4 Be7 15.
b5 Qc8 16. bxa6 bxa6 17. a5 Ng4 18. Nd5 Bxd5 19. Qxd5 Rb8 20. c4 Qc7 21. Ba3 g5
22. hxg5 Qa7 23. c5 dxc5 24. Bh3 Qb7 25. Bxg4 hxg4 26. Qxe5 Rg8 27. Rad1 Qc8
28. Bxc5 Rb5 29. Qxe7# 1-0

[Event "Southend Easter op 64th"]
[Site "Southend-on-Sea"]
[Date "2022.04.17"]
[Round "6.29"]
[White "Freeman, Ashley"]
[Black "Dias, Ruwan"]
[Result "1/2-1/2"]
[WhiteElo "1988"]
[BlackElo "1518"]
[PlyCount "37"]
[EventDate "2022.04.15"]
[EventType "swiss"]
[EventRounds "7"]
[EventCountry "ENG"]

1. e4 e6 2. d4 d5 3. Nc3 Bb4 4. e5 c5 5. Qg4 Ne7 6. dxc5 Bxc3+ 7. bxc3 Nbc6 8.
Nf3 Qc7 9. Qg3 Bd7 10. Bd3 Ng6 11. O-O Ncxe5 12. Nxe5 Qxe5 13. f4 Qxc3 14. Be3
d4 15. Bf2 O-O 16. Bxg6 hxg6 17. Qxc3 dxc3 18. Rfd1 Bc6 19. Rd3 1/2-1/2

[Event "Southend Easter op 64th"]
[Site "Southend-on-Sea"]
[Date "2022.04.17"]
[Round "6.30"]
[White "Chan, Ngo Yu"]
[Black "Ball, Charlie"]
[Result "1/2-1/2"]
[WhiteElo "1525"]
[BlackElo "1272"]
[PlyCount "62"]
[EventDate "2022.04.15"]
[EventType "swiss"]
[EventRounds "7"]
[EventCountry "ENG"]

1. e4 d5 2. exd5 Nf6 3. Nf3 Bg4 4. Be2 Qxd5 5. h3 Bxf3 6. Bxf3 Qe5+ 7. Qe2
Qxe2+ 8. Bxe2 Nc6 9. c3 e5 10. d3 Bc5 11. Be3 Bxe3 12. fxe3 Nd5 13. Kf2 O-O-O
14. d4 Rd6 15. e4 Nf4 16. d5 Ne7 17. g3 Nxe2 18. Kxe2 f5 19. c4 fxe4 20. Rf1
Rf6 21. Nc3 Rhf8 22. Nxe4 Rxf1 23. Rxf1 Rxf1 24. Kxf1 Nf5 25. Ke2 Nd6 26. Kd3
Nf5 27. g4 Nd6 28. c5 Nf7 29. h4 Kd7 30. g5 b6 31. b4 c6 1/2-1/2

[Event "Southend Easter op 64th"]
[Site "Southend-on-Sea"]
[Date "2022.04.17"]
[Round "6.31"]
[White "Davis-Loades, Alex"]
[Black "Pereslavtsev, Alexandr"]
[Result "1/2-1/2"]
[WhiteElo "1837"]
[BlackElo "1675"]
[PlyCount "112"]
[EventDate "2022.04.15"]
[EventType "swiss"]
[EventRounds "7"]
[EventCountry "ENG"]

1. d4 d5 2. c4 e6 3. Nc3 Nf6 4. Nf3 Nbd7 5. Bf4 Bb4 6. e3 b6 7. Bd3 O-O 8. O-O
Bxc3 9. bxc3 c5 10. Bg5 h6 11. Bh4 Re8 12. cxd5 exd5 13. Bb5 Re6 14. c4 Bb7 15.
Rb1 Qc8 16. Qc2 Ba6 17. Bxa6 Qxa6 18. dxc5 Nxc5 19. Bxf6 Rxf6 20. cxd5 Rd8 21.
e4 Qa3 22. Nd4 Rg6 23. Nc6 Re8 24. f3 Qe3+ 25. Qf2 Qg5 26. Rfd1 Qf4 27. Nxa7
Rf6 28. Qd2 Qd6 29. Nc6 Qc7 30. e5 Rf5 31. Qb4 Nd7 32. Ne7+ Rxe7 33. Qxe7 Rxe5
34. Qb4 Re2 35. Rbc1 Qa7 36. a4 b5+ 37. Qd4 Re1+ 38. Kf2 Qxd4+ 39. Rxd4 Rxc1
40. axb5 Rb1 41. Ke3 Rxb5 42. g3 Kf8 43. h4 Ke7 44. g4 Kd6 45. f4 Rxd5 46. Ra4
Nc5 47. Ra7 Rd3+ 48. Kf2 Ne4+ 49. Ke2 Rg3 50. Rxf7 Rxg4 51. Kf3 Ke6 52. Rf8 Ke7
53. Rf5 Nf6 54. Rxf6 Kxf6 55. Kxg4 h5+ 56. Kxh5 Kf5 1/2-1/2

[Event "Southend Easter op 64th"]
[Site "Southend-on-Sea"]
[Date "2022.04.18"]
[Round "7.1"]
[White "Nilsson, Joakim 2000"]
[Black "Zapolskis, Antanas"]
[Result "1-0"]
[WhiteElo "2175"]
[BlackElo "2265"]
[PlyCount "93"]
[EventDate "2022.04.15"]
[EventType "swiss"]
[EventRounds "7"]
[EventCountry "ENG"]

1. d4 b5 2. e4 a6 3. Nf3 e6 4. Bd3 d6 5. O-O Nd7 6. a4 Bb7 7. Qe2 b4 8. c3 c5
9. dxc5 Nxc5 10. cxb4 Nxd3 11. Qxd3 Nf6 12. Nc3 Be7 13. Bg5 h6 14. Bh4 g5 15.
Bg3 Nh5 16. Rfd1 Nxg3 17. hxg3 O-O 18. Nd4 Bf6 19. b5 Qa5 20. Rab1 Rfc8 21. b4
Qc7 22. Nce2 Qc4 23. Qf3 Kg7 24. bxa6 Rxa6 25. a5 Raa8 26. Qe3 Be5 27. Rdc1 Qa6
28. f3 Rxc1+ 29. Rxc1 Rc8 30. Rxc8 Bxc8 31. Qc3 Bd7 32. Qc7 Bb5 33. Nxe6+ Kg8
34. Qb8+ Kh7 35. Nc7 Qc6 36. Qxb5 Qxc7 37. Qd3 Kg8 38. f4 Bf6 39. Kh2 Kg7 40.
Nd4 Bxd4 41. Qxd4+ f6 42. a6 gxf4 43. gxf4 Qc1 44. Qxd6 Qe1 45. Qd7+ Kf8 46.
Qg4 Qxe4 47. Qc8+ 1-0

[Event "Southend Easter op 64th"]
[Site "Southend-on-Sea"]
[Date "2022.04.18"]
[Round "7.2"]
[White "Maycock Bates, David Henry"]
[Black "Haydon, David L"]
[Result "1-0"]
[WhiteElo "2183"]
[BlackElo "2282"]
[PlyCount "85"]
[EventDate "2022.04.15"]
[EventType "swiss"]
[EventRounds "7"]
[EventCountry "ENG"]

1. e4 c6 2. d4 d5 3. Nc3 dxe4 4. Nxe4 Nf6 5. Nxf6+ exf6 6. c3 Bd6 7. Bd3 O-O 8.
Ne2 Re8 9. O-O Nd7 10. Bf4 Nf8 11. Qd2 Qc7 12. Bxd6 Qxd6 13. Rfe1 Bd7 14. Ng3
Ng6 15. Ne4 Qc7 16. Nc5 b6 17. Nxd7 Qxd7 18. g3 Rad8 19. Rxe8+ Rxe8 20. Re1
Rxe1+ 21. Qxe1 Qe6 22. Qe4 Qxe4 23. Bxe4 Ne7 24. Kf1 f5 25. Bg2 g6 26. Ke2 Kf8
27. Kd3 Ke8 28. a4 Kd7 29. b4 f6 30. c4 a6 31. f4 Kc7 32. Kc3 Kd7 33. Kd3 Kc7
34. Kc3 Kd7 35. h4 Kc7 36. Bf3 Kd7 37. a5 b5 38. cxb5 axb5 39. a6 Kc7 40. d5
cxd5 41. a7 Kb7 42. Kd4 Kxa7 43. Kc5 1-0

[Event "Southend Easter op 64th"]
[Site "Southend-on-Sea"]
[Date "2022.04.18"]
[Round "7.3"]
[White "Walker, Martin G"]
[Black "Villiers, Thomas"]
[Result "0-1"]
[WhiteElo "2187"]
[BlackElo "2219"]
[PlyCount "88"]
[EventDate "2022.04.15"]
[EventType "swiss"]
[EventRounds "7"]
[EventCountry "ENG"]

1. Nf3 c5 2. g3 d5 3. Bg2 Nf6 4. O-O Nc6 5. d4 e6 6. b3 cxd4 7. Nxd4 Bc5 8. Bb2
Qb6 9. e3 Bd7 10. Nc3 Bxd4 11. exd4 Qxd4 12. Qxd4 Nxd4 13. Nxd5 Ne2+ 14. Kh1
Nxd5 15. Bxd5 exd5 16. Rfe1 Bg4 17. Kg2 Rc8 18. c4 O-O 19. f3 Be6 20. Rxe2 dxc4
21. bxc4 Rxc4 22. Rc1 Rfc8 23. Rxc4 Bxc4 24. Re7 Bd5 25. Rd7 Rc2+ 26. Kg1 h6
27. Rxd5 Rxb2 28. Rd7 Rxa2 29. Rxb7 a5 30. Ra7 a4 31. Kh1 a3 32. Kg1 Kh7 33.
Ra6 f6 34. Ra4 Kg6 35. Rg4+ Kf5 36. Ra4 Ke5 37. Kh1 Kd5 38. Kg1 Kc5 39. Kh1 Kb5
40. Ra8 Kb4 41. Rb8+ Kc3 42. Rc8+ Kd3 43. Ra8 Ke3 44. Ra4 Kf2 0-1

[Event "Southend Easter op 64th"]
[Site "Southend-on-Sea"]
[Date "2022.04.18"]
[Round "7.4"]
[White "Schwartz, Julius"]
[Black "Onslow, Alfie"]
[Result "0-1"]
[WhiteElo "2118"]
[BlackElo "2077"]
[PlyCount "68"]
[EventDate "2022.04.15"]
[EventType "swiss"]
[EventRounds "7"]
[EventCountry "ENG"]

1. e4 c6 2. d4 d5 3. e5 Bf5 4. h4 h5 5. Bd3 Bxd3 6. Qxd3 Qa5+ 7. Nd2 e6 8. Ngf3
Qa6 9. c4 Ne7 10. O-O Nf5 11. Qc2 Nd7 12. b3 Be7 13. g3 O-O 14. Bb2 Rfc8 15.
Rac1 b6 16. Qb1 Qb7 17. Rfd1 a5 18. a3 c5 19. dxc5 Nxc5 20. Re1 dxc4 21. Rxc4
Nxb3 22. Rf4 Nxd2 23. Nxd2 b5 24. Rxf5 exf5 25. e6 Rc5 26. exf7+ Kxf7 27. Qd3
Rh8 28. Qb3+ Qd5 29. Qe3 Bf6 30. Bxf6 gxf6 31. Qe7+ Kg6 32. Re6 Rc1+ 33. Nf1
Rf8 34. Re3 Qd1 0-1

[Event "Southend Easter op 64th"]
[Site "Southend-on-Sea"]
[Date "2022.04.18"]
[Round "7.5"]
[White "Grieve, Harry"]
[Black "Stewart, Ashley"]
[Result "1-0"]
[WhiteElo "2387"]
[BlackElo "2069"]
[PlyCount "71"]
[EventDate "2022.04.15"]
[EventType "swiss"]
[EventRounds "7"]
[EventCountry "ENG"]

1. e4 c5 2. Nc3 g6 3. d4 cxd4 4. Qxd4 Nf6 5. Be3 Nc6 6. Qd2 Bg7 7. f3 O-O 8.
O-O-O d6 9. Nge2 Bd7 10. Kb1 Qa5 11. Bh6 Rfc8 12. Bxg7 Kxg7 13. g4 Ne5 14. Nd4
Nc4 15. Bxc4 Rxc4 16. Nb3 Qe5 17. h3 Be8 18. f4 Qe6 19. Nd4 Qc8 20. e5 dxe5 21.
fxe5 Nd7 22. Nd5 e6 23. Nf6 h6 24. Nb5 Nxf6 25. exf6+ Kh7 26. Nd6 Qc6 27. Nxc4
Qxc4 28. Qd6 Kg8 29. Qe7 Rc8 30. Rd2 Qf4 31. Rd8 Rxd8 32. Qxd8 Qa4 33. Rd1 g5
34. b3 Qc6 35. Rd6 Qb5 36. c4 1-0

[Event "Southend Easter op 64th"]
[Site "Southend-on-Sea"]
[Date "2022.04.18"]
[Round "7.6"]
[White "Bates, Richard A"]
[Black "Dougherty, Michael"]
[Result "1-0"]
[WhiteElo "2356"]
[BlackElo "2066"]
[PlyCount "53"]
[EventDate "2022.04.15"]
[EventType "swiss"]
[EventRounds "7"]
[EventCountry "ENG"]

1. d4 g6 2. Nf3 Bg7 3. g3 d6 4. c4 Nc6 5. Nc3 Bg4 6. d5 Bxf3 7. exf3 Nd4 8. Bg2
c5 9. dxc6 bxc6 10. O-O Rb8 11. f4 c5 12. b3 e6 13. Bb2 Ne7 14. Nb5 Qb6 15. a4
a5 16. b4 Nef5 17. bxa5 Qxa5 18. Bc3 Ne2+ 19. Qxe2 Bxc3 20. Nxc3 Qxc3 21. a5
Nd4 22. Qa2 h5 23. a6 Ke7 24. Qa5 Qxa5 25. Rxa5 Nb3 26. Ra3 Nd2 27. a7 1-0

[Event "Southend Easter op 64th"]
[Site "Southend-on-Sea"]
[Date "2022.04.18"]
[Round "7.7"]
[White "Stoica, Savas Marin"]
[Black "Sedykh, Mikhail"]
[Result "1/2-1/2"]
[WhiteElo "1963"]
[BlackElo "2117"]
[PlyCount "127"]
[EventDate "2022.04.15"]
[EventType "swiss"]
[EventRounds "7"]
[EventCountry "ENG"]

1. d4 d5 2. c4 e6 3. Nf3 Nf6 4. g3 Bb4+ 5. Bd2 Be7 6. Bg2 O-O 7. O-O dxc4 8.
Qc2 c6 9. Qxc4 b5 10. Qc2 Bb7 11. Nc3 Qb6 12. Be3 Nd5 13. Nxd5 cxd5 14. Rfc1
Nc6 15. Bf4 Rfc8 16. Qd2 Na5 17. b3 Ba3 18. Rxc8+ Rxc8 19. Ne5 Nc6 20. Nxc6
Qxc6 21. Qa5 Bb2 22. Rd1 h6 23. Bf1 a6 24. Kg2 f6 25. Qd2 Bc3 26. Qd3 e5 27.
Be3 b4 28. Qg6 Qe8 29. Qf5 Rc7 30. Kg1 Bc8 31. Qf3 e4 32. Qf4 Qe7 33. Bc1 g5
34. Qe3 f5 35. f3 Qg7 36. Bg2 f4 37. gxf4 gxf4 38. Qxf4 Bxd4+ 39. Kh1 Be5 40.
Qxh6 Qxh6 41. Bxh6 Bb7 42. Rc1 Rh7 43. f4 Bb2 44. Rc2 Bc3 45. Bg5 d4 46. Rc1
Kf7 47. h4 Kg6 48. Kh2 d3 49. exd3 exd3 50. Bxb7 Rxb7 51. Kg2 Kf5 52. Kf3 Rb8
53. Rd1 d2 54. Ke2 Re8+ 55. Kd3 Re1 56. Kc2 Kg4 57. f5 Kxf5 58. Bxd2 Bxd2 59.
Rxd2 Re4 60. Rd5+ Ke6 61. Ra5 Rxh4 62. Rxa6+ Kd5 63. Ra5+ Kd4 64. Ra8 1/2-1/2

[Event "Southend Easter op 64th"]
[Site "Southend-on-Sea"]
[Date "2022.04.18"]
[Round "7.8"]
[White "Spence, David J"]
[Black "Thatte, Nishchal"]
[Result "1/2-1/2"]
[WhiteElo "2146"]
[BlackElo "1892"]
[PlyCount "83"]
[EventDate "2022.04.15"]
[EventType "swiss"]
[EventRounds "7"]
[EventCountry "ENG"]

1. e4 c5 2. c3 e6 3. d4 d5 4. e5 Nc6 5. Nf3 Qb6 6. Bd3 cxd4 7. cxd4 Bd7 8. O-O
Nxd4 9. Nbd2 Bc5 10. b4 Nxf3+ 11. Nxf3 Qxb4 12. Rb1 Qa4 13. Qe2 b6 14. Ng5 Ne7
15. Qh5 Ng6 16. Nxe6 fxe6 17. Bxg6+ Kd8 18. Be3 d4 19. Be4 Rc8 20. Bg5+ Kc7 21.
Rfc1 Kb8 22. Qf7 g6 23. Bf6 Rhf8 24. Qxh7 d3 25. Bxd3 Qd4 26. Kh1 Bc6 27. Qh3
Qxf2 28. Rc2 Qd4 29. Rc4 Qf2 30. Rg4 Qxa2 31. Rf1 Rg8 32. Bc4 Qc2 33. Bxe6 Bb5
34. Rgf4 Bxf1 35. Rxf1 Qe2 36. Qf3 Qxf3 37. gxf3 a5 38. Kg2 a4 39. Kg3 Rge8 40.
Bf7 Rf8 41. Bd5 Bd4 42. Rd1 1/2-1/2

[Event "Southend Easter op 64th"]
[Site "Southend-on-Sea"]
[Date "2022.04.18"]
[Round "7.9"]
[White "Williamson, Kevin J"]
[Black "Varnam, Liam D"]
[Result "0-1"]
[WhiteElo "1878"]
[BlackElo "2087"]
[PlyCount "40"]
[EventDate "2022.04.15"]
[EventType "swiss"]
[EventRounds "7"]
[EventCountry "ENG"]

1. d4 Nf6 2. Nc3 d5 3. Bg5 Nbd7 4. e3 e6 5. Qf3 Be7 6. O-O-O c5 7. h4 Qa5 8.
Kb1 b5 9. Bxb5 Rb8 10. Bxf6 Bxf6 11. Bxd7+ Bxd7 12. Nge2 Qb4 13. b3 O-O 14. g4
Rfc8 15. g5 Be7 16. Rdg1 c4 17. Nd1 cxb3 18. axb3 Qd2 19. Ndc3 Rxc3 20. Nxc3
Qxc3 0-1

[Event "Southend Easter op 64th"]
[Site "Southend-on-Sea"]
[Date "2022.04.18"]
[Round "7.10"]
[White "Rogers, Tim L"]
[Black "Potter, John M"]
[Result "1-0"]
[WhiteElo "1986"]
[BlackElo "2055"]
[PlyCount "97"]
[EventDate "2022.04.15"]
[EventType "swiss"]
[EventRounds "7"]
[EventCountry "ENG"]

1. e4 e6 2. d4 d5 3. Bd3 Nf6 4. e5 Nfd7 5. c3 c5 6. f4 Nc6 7. Nf3 Qb6 8. Bc2 f6
9. a3 a5 10. b3 Be7 11. O-O f5 12. Kh1 Qd8 13. Be3 O-O 14. Nbd2 b5 15. Rg1 h5
16. Ng5 Bxg5 17. fxg5 g6 18. Nf3 cxd4 19. cxd4 b4 20. Nh4 Kg7 21. Rc1 Bb7 22.
a4 Rc8 23. Bd3 Qb6 24. Be2 Ne7 25. Qd2 Ba6 26. Bf3 Rxc1 27. Rxc1 Rc8 28. h3
Rxc1+ 29. Qxc1 Bd3 30. Bxh5 Qc6 31. Qxc6 Nxc6 32. Bd1 f4 33. Bg1 Ne7 34. Bf2 f3
35. gxf3 Bf1 36. Ng2 Nf5 37. Bg1 Nb8 38. Nf4 Kf7 39. Kh2 Nc6 40. Be2 Bxe2 41.
Nxe2 Nb8 42. Bf2 Nd7 43. Kg1 Nb6 44. Kf1 Nc4 45. bxc4 dxc4 46. Ke1 Ne7 47. Nf4
Nc8 48. d5 exd5 49. e6+ 1-0

[Event "Southend Easter op 64th"]
[Site "Southend-on-Sea"]
[Date "2022.04.18"]
[Round "7.11"]
[White "Hebbes, Tim"]
[Black "Hobson, Kenneth"]
[Result "0-1"]
[WhiteElo "2049"]
[BlackElo "1674"]
[PlyCount "64"]
[EventDate "2022.04.15"]
[EventType "swiss"]
[EventRounds "7"]
[EventCountry "ENG"]

1. c4 Nf6 2. Nf3 e6 3. Nc3 b6 4. g3 Bb7 5. Bg2 Be7 6. O-O O-O 7. b3 d6 8. d3
Nbd7 9. Bb2 d5 10. cxd5 Nxd5 11. Nxd5 Bxd5 12. Re1 c5 13. Qd2 Rc8 14. Rad1 Qc7
15. e4 Bb7 16. d4 Nf6 17. e5 Nd5 18. dxc5 Bxc5 19. Qg5 Rfd8 20. a3 a5 21. Rc1
h6 22. Qh5 Qe7 23. Ra1 b5 24. Rac1 b4 25. a4 Nc3 26. Rc2 Be4 27. Rd2 Bg6 28.
Qg4 Bf5 29. Qh5 Qa7 30. Rc1 Ne4 31. Rxd8+ Rxd8 32. Qh4 Be7 0-1

[Event "Southend Easter op 64th"]
[Site "Southend-on-Sea"]
[Date "2022.04.18"]
[Round "7.12"]
[White "Kesterson, Kennan"]
[Black "Ledger, Stephen C"]
[Result "1/2-1/2"]
[WhiteElo "1829"]
[BlackElo "2010"]
[PlyCount "20"]
[EventDate "2022.04.15"]
[EventType "swiss"]
[EventRounds "7"]
[EventCountry "ENG"]

1. e4 c5 2. Nf3 Nc6 3. Nc3 e5 4. Bc4 Be7 5. d3 d6 6. Nd2 Nf6 7. Nf1 O-O 8. Ne3
Be6 9. O-O Nd4 10. a4 Rc8 1/2-1/2

[Event "Southend Easter op 64th"]
[Site "Southend-on-Sea"]
[Date "2022.04.18"]
[Round "7.13"]
[White "Tapp, James"]
[Black "Baer, Bruce L"]
[Result "1/2-1/2"]
[WhiteElo "1882"]
[BlackElo "1992"]
[PlyCount "107"]
[EventDate "2022.04.15"]
[EventType "swiss"]
[EventRounds "7"]
[EventCountry "ENG"]

1. d4 g6 2. Bf4 Bg7 3. e4 d6 4. Nc3 a6 5. Nf3 Bg4 6. Bc4 e6 7. h3 Bxf3 8. Qxf3
Bxd4 9. O-O-O Nc6 10. Rhe1 g5 11. Bg3 Qf6 12. Qe2 Bxc3 13. bxc3 e5 14. Rd3 Qe7
15. Qh5 Na5 16. Bd5 c6 17. Bb3 Nxb3+ 18. axb3 O-O-O 19. h4 h6 20. hxg5 Qxg5+
21. Qxg5 hxg5 22. Red1 Nf6 23. Rxd6 Rxd6 24. Rxd6 Nxe4 25. Rd3 f6 26. Re3 Rh1+
27. Kb2 Nd6 28. Rd3 Kd7 29. f3 Rf1 30. c4 Ke6 31. Rd2 Rg1 32. Bh2 Rh1 33. Bg3
f5 34. Re2 f4 35. Bf2 Nf5 36. Kc3 Rh2 37. Bg1 Rh7 38. Kb4 Ng3 39. Rd2 e4 40.
fxe4 Nxe4 41. Rd8 g4 42. Bd4 f3 43. Re8+ Re7 44. Rxe7+ Kxe7 45. gxf3 gxf3 46.
Ka5 c5 47. Be3 f2 48. Bxf2 Nxf2 49. Kb6 Kd6 50. Kxb7 a5 51. Kb6 Nd1 52. Kxa5
Ne3 53. b4 Nxc4+ 54. Kb5 1/2-1/2

[Event "Southend Easter op 64th"]
[Site "Southend-on-Sea"]
[Date "2022.04.18"]
[Round "7.14"]
[White "Badacsonyi, Frankie"]
[Black "Hill, Alistair"]
[Result "0-1"]
[WhiteElo "1710"]
[BlackElo "2223"]
[PlyCount "50"]
[EventDate "2022.04.15"]
[EventType "swiss"]
[EventRounds "7"]
[EventCountry "ENG"]

1. c4 Nf6 2. g3 c5 3. Nf3 d5 4. cxd5 Nxd5 5. Nc3 Nc6 6. Bg2 Nc7 7. O-O e5 8. d3
Be7 9. Ne1 O-O 10. f4 exf4 11. Bxf4 Be6 12. Kh1 Re8 13. Nf3 Nd5 14. Ne5 Nxe5
15. Bxe5 Ne3 16. Qa4 Nxf1 17. Rxf1 Bd6 18. Bxd6 Qxd6 19. Bxb7 Rab8 20. Bg2 Re7
21. b3 Qd4 22. Rc1 h5 23. Qxd4 cxd4 24. Ne4 Rc8 25. Nc5 Bg4 0-1

[Event "Southend Easter op 64th"]
[Site "Southend-on-Sea"]
[Date "2022.04.18"]
[Round "7.15"]
[White "Pandit, Kabir"]
[Black "Eames, Robert S"]
[Result "0-1"]
[WhiteElo "1826"]
[BlackElo "2140"]
[PlyCount "56"]
[EventDate "2022.04.15"]
[EventType "swiss"]
[EventRounds "7"]
[EventCountry "ENG"]

1. c4 f5 2. g3 e6 3. Bg2 Nf6 4. d4 d5 5. cxd5 exd5 6. Nh3 Bd6 7. Nc3 c6 8. O-O
O-O 9. Bf4 Be7 10. Qc2 h6 11. Rad1 g5 12. Be5 Ng4 13. Kh1 Qe8 14. Qc1 Qh5 15.
f4 Be6 16. Rd3 Nd7 17. Nd1 Ngxe5 18. dxe5 Nc5 19. Rc3 Ne4 20. Bxe4 fxe4 21. Ng1
d4 22. Rb3 e3 23. Rxb7 Bd5+ 24. Nf3 g4 25. Nxe3 dxe3 26. Qxe3 gxf3 27. exf3 Rf7
28. Kg2 Bc5 0-1

[Event "Southend Easter op 64th"]
[Site "Southend-on-Sea"]
[Date "2022.04.18"]
[Round "7.16"]
[White "Latypova, Olga L"]
[Black "Staples, Maurice J"]
[Result "1/2-1/2"]
[WhiteElo "1451"]
[BlackElo "1986"]
[PlyCount "39"]
[EventDate "2022.04.15"]
[EventType "swiss"]
[EventRounds "7"]
[EventCountry "ENG"]

1. e4 d6 2. d4 g6 3. Nc3 Bg7 4. g3 b6 5. Bg2 Bb7 6. Nge2 e6 7. O-O Ne7 8. f4
Nd7 9. Be3 O-O 10. h3 f5 11. e5 Bxg2 12. Kxg2 d5 13. Ng1 a6 14. Nf3 Nc6 15. b3
Qe7 16. Ne2 b5 17. c4 bxc4 18. bxc4 Nb6 19. c5 Nc4 20. Bg1 1/2-1/2

[Event "Southend Easter op 64th"]
[Site "Southend-on-Sea"]
[Date "2022.04.18"]
[Round "7.17"]
[White "Bryant, Harry"]
[Black "Brixel, Christof"]
[Result "0-1"]
[WhiteElo "1425"]
[BlackElo "1974"]
[PlyCount "42"]
[EventDate "2022.04.15"]
[EventType "swiss"]
[EventRounds "7"]
[EventCountry "ENG"]

1. e4 c6 2. d4 d5 3. e5 c5 4. dxc5 e6 5. a3 Bxc5 6. Nf3 f6 7. b4 Be7 8. Bb2 Nc6
9. Bd3 fxe5 10. Nxe5 Nf6 11. Nxc6 bxc6 12. O-O O-O 13. c4 a5 14. c5 Bd7 15. Nd2
Qb8 16. Qb3 axb4 17. axb4 Rxa1 18. Rxa1 Ng4 19. Nf3 Rf4 20. Ba3 Rxf3 21. gxf3
Qxh2+ 0-1

[Event "Southend Easter op 64th"]
[Site "Southend-on-Sea"]
[Date "2022.04.18"]
[Round "7.19"]
[White "Kafetzopoulos, Anastasios"]
[Black "Wilson, Edgar"]
[Result "1-0"]
[WhiteElo "1934"]
[BlackElo "1856"]
[PlyCount "85"]
[EventDate "2022.04.15"]
[EventType "swiss"]
[EventRounds "7"]
[EventCountry "ENG"]

1. d4 d5 2. c4 e6 3. Nc3 Nf6 4. cxd5 exd5 5. Bg5 Be7 6. e3 O-O 7. Bd3 Re8 8.
Nge2 h6 9. Bh4 Nbd7 10. O-O b6 11. Qc2 Bb7 12. Rad1 c5 13. Bf5 Nf8 14. dxc5
bxc5 15. Bxf6 Bxf6 16. Nxd5 Bxd5 17. e4 Rb8 18. Rxd5 Qb6 19. b3 g6 20. Bg4 h5
21. Bh3 Ne6 22. Bxe6 Rxe6 23. Rc1 Rbe8 24. f3 c4+ 25. Kh1 cxb3 26. axb3 Rb8 27.
Nf4 Ree8 28. Rd3 Bg7 29. Nd5 Qb7 30. Qd1 Rbc8 31. b4 Kh7 32. h4 Qb8 33. Qe1 Qe5
34. b5 f5 35. Rc6 Rcd8 36. f4 Qb2 37. Qg3 fxe4 38. Qxg6+ Kh8 39. Qxh5+ Kg8 40.
Ne7+ Kf8 41. Qf5+ Bf6 42. Rxf6+ Kg7 43. Rg6+ 1-0

[Event "Southend Easter op 64th"]
[Site "Southend-on-Sea"]
[Date "2022.04.18"]
[Round "7.20"]
[White "Foster, Timothy"]
[Black "Badacsonyi, Stanley"]
[Result "0-1"]
[WhiteElo "1872"]
[BlackElo "1476"]
[PlyCount "112"]
[EventDate "2022.04.15"]
[EventType "swiss"]
[EventRounds "7"]
[EventCountry "ENG"]

1. b3 Nf6 2. Bb2 e6 3. Nf3 d5 4. g3 Be7 5. Bg2 b6 6. O-O Bb7 7. c4 Nbd7 8. e3
O-O 9. Nc3 Nc5 10. d4 Nce4 11. Nxe4 Nxe4 12. Nd2 Nxd2 13. Qxd2 Rc8 14. cxd5
Bxd5 15. e4 Ba8 16. Rfd1 Bf6 17. Qe2 Qe8 18. Qa6 c5 19. Qxa7 Qb5 20. Bf1 c4 21.
Ba3 Rfd8 22. bxc4 Qh5 23. Qxb6 Qf3 24. Qb3 Qxe4 25. f3 Qxf3 26. Qxf3 Bxf3 27.
Bb2 Bxd1 28. Rxd1 Ra8 29. a3 Rab8 30. Bc1 Bxd4+ 31. Kg2 Bc5 32. Re1 Rb1 33. a4
Ba3 34. Bg5 Rxe1 35. Bxd8 Kf8 36. a5 Bc5 37. Bb6 Bxb6 38. axb6 Rb1 39. c5 Ke7
40. Bd3 Rb4 41. Kf3 f5 42. h3 Kd7 43. g4 g6 44. Ba6 Kc6 45. Bc8 Kxc5 46. Bxe6
fxg4+ 47. hxg4 Rxb6 48. Bg8 h6 49. Kf4 Kd4 50. g5 h5 51. Bf7 h4 52. Kg4 Ke5 53.
Kxh4 Kf4 54. Be8 Rd6 55. Bf7 Kf5 56. Be8 Rd4+ 0-1